书目信息 |
| 题名: |
我是一个数学家
|
|
| 作者: | 维纳 著 ;周昌忠 译 | |
| 分册: | ||
| 出版信息: | 上海 上海科学技术出版社 1987 |
|
| 页数: | 312页 | |
| 开本: | 19cm | |
| 丛书名: | ||
| 单 册: | ||
| 中图分类: | K837.126.1 | |
| 科图分类: | ||
| 主题词: | 历史 , 地理 | |
| 电子资源: | ||
| ISBN: | ||
| 000 | 00754nam0 2200265 45 | |
| 001 | 0187008532 | |
| 005 | 20040511151528.5 | |
| 010 | @dCNY1.85 | |
| 091 | @a13119.1375 | |
| 100 | @a19900912d1987 emky0chiy0121 ea | |
| 101 | 1 | @achi@ceng |
| 102 | @aCN@b310000 | |
| 105 | @ay z 000ya | |
| 106 | @ar | |
| 200 | 10 | @a我是一个数学家@Awo shi yi ge shu xue jia@f(美)诺伯特·维纳著@F(Mei)Nuo Bo Te·Wei Na Zhu@g周昌忠译 |
| 210 | @a上海@c上海科学技术出版社@d1987 | |
| 215 | @a312页@d19cm | |
| 606 | 0 | @a历史 |
| 606 | 0 | @a地理 |
| 690 | @aK837.126.1@v3 | |
| 701 | 0 | @a维纳@4著 |
| 702 | 0 | @a周昌忠@Azhou chang zhong@4译 |
| 801 | 0 | @aCN@b深圳图书馆@c20040219 |
| 801 | 2 | @aCN@bNLC@c20040219 |
| 905 | @dK837.126.1@e208@f1@b213153@b213155@f1@b213157@f1 | |
| 我是一个数学家/(美)诺伯特·维纳著/周昌忠译.-上海:上海科学技术出版社,1987 |
| 312页;19cm |
| ISBN :CNY1.85 |
| ● |
| 相关链接 |
|
|
|
|
正题名:我是一个数学家
索取号:K837.126.1/208
 
预约/预借
| 序号 | 登录号 | 条形码 | 馆藏地/架位号 | 状态 | 备注 |
| 1 | 0213153 | 001546599 | 密集书库/ [索取号:K837.126.1/208] | 在馆 | |
| 2 | 0213154 | 001881985 | 密集书库/ [索取号:K837.126.1/208] | 在馆 | |
| 3 | 0213155 | 001546580 | 密集书库/ [索取号:K837.126.1/208] | 在馆 | |
| 4 | 0213156 | 001881921 | 密集书库/ [索取号:K837.126.1/208] | 在馆 | |
| 5 | 0213157 | 001546571 | 第二样本阅览室/ [索取号:K837.126.1/208] | 在馆 | |
| 6 | 0213158 | 001881912 | 密集书库/ [索取号:K837.126.1/208] | 在馆 | |
| 7 | 0213159 | 001881976 | 密集书库/ [索取号:K837.126.1/208] | 在馆 |